Tilastot visalle Suomalaisia politiikkoja - tunnista kuvista

Klikkaa tästä pelataksesi tätä visaa!

Yleistilastot

  • Tätä visaa on pelattu 228 kertaa
  • Keskiarvotulos 15 / 28

Vastaustilastot

Answer% Oikein
Timo Soini
98%
Juha Sipilä
95%
Alexander Stubb
93%
Pekka Haavisto
87%
Päivi Räsänen
84%
Petteri Orpo
79%
Jyrki Katainen
78%
Ville Niinistö
74%
Jutta Urpilainen
72%
Paavo Arhinmäki
68%
Sampo Terho
68%
Paavo Lipponen
67%
Elisabeth Rehn
61%
Erkki Tuomioja
54%
Esko Aho
52%
Sanni Grahn-Laasonen
44%
Tanja Karpela
42%
Heidi Hautala
39%
Riitta Uosukainen
38%
Maria Guzenina
38%
Paula Risikko
37%
Suvi-Anne Siimes
36%
Jan Vapaavuori
36%
Jari Lindström
30%
Suvi Lindén
23%
Stefan Wallin
22%
Lauri Ihalainen
19%
Laura Räty
6%

Tulosjakauma

Persentiili vastausten määrän mukaan

Jokaisen tuloksen saaneiden osuus

Tuloshistoriasi

Et ole pelannut tätä visaa